| 000 | 00817nam a2200241Ia 4500 | ||
|---|---|---|---|
| 001 | 8544 | ||
| 003 | GE_BSU | ||
| 008 | 181216s||||||||xx |||||||||||||| ||und|| | ||
| 020 | _a9789941100352 | ||
| 040 | _cGE_BSU | ||
| 080 | _a821.353.1-1 | ||
| 100 | _aალხაზიშვილი,გივი | ||
| 245 | _aქორონიკონი-2007 | ||
| 245 | _bახალი ლექსები. | ||
| 245 | _cრედ:ქეთევან მასხარაშვილი;დიზ.დათო კუტუბიძე;ინგა ნავროზაშვილი. | ||
| 260 | _aთბილისი. | ||
| 260 | _bმერიდიანი. | ||
| 260 | _c2008. | ||
| 300 | _a164გვ;20სმ. | ||
| 541 | _h6ლ. | ||
| 653 | _aახალი ლექსები. | ||
| 942 | _cBK | ||
| 999 |
_c41861 _d41861 |
||